| 000 | 00380nam a22001577a 4500 | ||
|---|---|---|---|
| 003 | SGT | ||
| 082 |
_a611 _bW25S |
||
| 100 | _aSONTAKKE, YOGESH | ||
| 245 | _aWORKBOOK OF ANATOMY : UPPER LIMB THORAX VOL-1 | ||
| 250 | _a1ST | ||
| 260 |
_aINDIA _bCBS PUB _c2025 |
||
| 300 | _a77 | ||
| 650 | _aHUMAN ANATOMY | ||
| 653 | _aWORKBOOK OF ANATOMY : UPPER LIMB THORAX | ||
| 942 |
_2ddc _cBK |
||
| 999 |
_c30806 _d30806 |
||